| 000 | 00961cam a2200289 a 4500 | ||
|---|---|---|---|
| 001 | 16432842 | ||
| 003 | OSt | ||
| 005 | 20211028152949.0 | ||
| 008 | 100825s2011 ne a 001 0 eng | ||
| 010 |
_a 2010034092 _z 2012360143 |
||
| 020 | _a9781123850737 | ||
| 038 | _akhadija | ||
| 040 |
_aDLC _cDLC _dDLC |
||
| 042 | _apcc | ||
| 050 | 0 | 0 |
_aTJ265 _b.B196 2011 |
| 082 | 0 | 0 |
_a621.4021 _222 _bBAL |
| 100 | 1 |
_aBalmer, Robert T. _983525 |
|
| 245 | 1 | 0 |
_aModern engineering thermodynamics / _cRobert T. Balmer |
| 260 |
_aAmsterdam ; _aBoston : _bAcademic Press, _cc2011. |
||
| 300 |
_axxiii, 801 p. : _bill. ; _c29 cm. + _eThermodynamic tables. |
||
| 500 | _aIncludes index. | ||
| 563 | _aPB | ||
| 650 | 0 |
_aThermodynamics. _97134 |
|
| 906 |
_a7 _bcbc _corignew _d1 _eecip _f20 _gy-gencatlg |
||
| 942 |
_2ddc _cBK |
||
| 999 |
_c33358 _d33358 |
||